| 000 | 00740nam a2200217Ia 4500 | ||
|---|---|---|---|
| 003 | OSt | ||
| 005 | 20230613105813.0 | ||
| 008 | 210423s2018 xx 000 0 und d | ||
| 020 | _a978-93-5013-671-3 | ||
| 040 | _cAL | ||
| 041 | _aeng | ||
| 082 |
_a331.02 _223 _bRAKU |
||
| 100 |
_aRAKESH (Raghubar) _983521 |
||
| 245 | _aUpkars UGC NET JRF SET labour welfare and industrial relations labour and social welfare human resource management: paper II | ||
| 260 |
_aAgra _bUpkar prakashan _c2018 |
||
| 300 |
_aviii,400 _bPB |
||
| 365 |
_b350 _cINR |
||
| 650 |
_aEconomics _983522 |
||
| 906 | _ahuman ; industrial ; JRF ; labour ; management: ; NET ; paper ; relations ; resource ; SET ; social ; UGC ; Upkars ; welfare | ||
| 942 |
_2ddc _cBK |
||
| 999 |
_c169162 _d169162 |
||